Vizovice /
Uložené v:
| Hlavný autor: | |
|---|---|
| Médium: | Kniha |
| Jazyk: | Czech |
| Vydané: |
Brno :
Krajské středisko státní památkové péče a ochrany přírody,
1964.
|
| Vydanie: | 1. vyd. |
| ISBN: |
(brož.) |
| Fyzický popis: |
[10] s. |
| Tagy: |
Pridať tag
Žiadne tagy, Buďte prvý kto otaguje tento záznam!
|
Titul je dostupný aj v ... 

MARC
| LEADER | 00000nam a2200000 a 4500 | ||
|---|---|---|---|
| 001 | 000171806 | ||
| 005 | 20090810144115.0 | ||
| 008 | 040101s1964 xr g 000 0 cze d | ||
| 020 | |a (brož.) | ||
| 040 | |a SVKKK |b slo |c SVKKK |e AACR2 | ||
| 041 | 0 | |a cze | |
| 044 | |a xr |c CZ | ||
| 100 | 1 | |a Petrů, Jaroslav, |d 1930-2006 | |
| 245 | 1 | 0 | |a Vizovice / |c text: Jaroslav Petrů. |
| 250 | |a 1. vyd. | ||
| 260 | |a Brno : |b Krajské středisko státní památkové péče a ochrany přírody, |c 1964. | ||
| 300 | |a [10] s. | ||
| 910 | |a svkkk | ||
| 998 | |a BK | ||
| 090 | |g SCKHL |k Sklad Hlavná 10 suterén |a I.27978 |j 356710 |i 2720421822 |s Absenčne | ||